Nimona (2023): Characters by Picture - Statistics

General Stats
  • This quiz has been taken 26 times
  • The average score is 5 of 8
Answer Stats
Picture Answer % Correct
Nimona
100%
sir Ambrosius Goldenloin
62%
The Director
62%
Queen Valerin
57%
sir Ballister Boldheart
57%
Gloreth
48%
Diego the Squire
38%
sir Thoddeus Sureblade
33%
No matching quizzes found
Score Distribution
Percent of People with Each Score
Percentile by Number Answered
Your Score History
You have not taken this quiz